|
|
|
|
| LEADER |
00000nas a2200000 a 4500 |
| 001 |
ssj0000571605 |
| 003 |
WaSeSS |
| 005 |
20200512172242.0 |
| 006 |
m d |
| 007 |
cr n |
| 008 |
870715c19869999pl gr s 0 0pol c |
| 010 |
|
|
|a sn 88021646
|
| 016 |
7 |
|
|a 007183965
|2 Uk
|
| 016 |
7 |
|
|a 012430251
|2 Uk
|
| 022 |
|
|
|l 0239-9989
|y 0239-9989
|
| 035 |
|
|
|a (WaSeSS)ssj0000571605
|
| 040 |
|
|
|a VA@
|b eng
|c VA@
|d IUL
|d OCL
|d NST
|d HUL
|d NST
|d WAU
|d IUL
|d DLC
|d OCLCQ
|d UKMGB
|d OCLCQ
|d CUS
|d OCLCF
|d OCLCO
|d CGU
|d FUG
|d OCLCQ
|d AVA
|d WAU
|d OCL
|d OCLCA
|d OCLCQ
|d WaSeSS
|
| 041 |
0 |
|
|a pol
|b eng
|b ger
|f eng
|f ger
|
| 042 |
|
|
|a pcc
|
| 043 |
|
|
|a e-pl---
|
| 050 |
0 |
0 |
|a AM70.P6
|b O68
|
| 082 |
0 |
4 |
|a 057.85
|
| 210 |
1 |
|
|a Zesz. Nauk. Uniw. Jagiell., Opusc. Mus.
|
| 222 |
|
0 |
|a Zeszyty Naukowe Uniwersytetu Jagiellońskiego. Opuscula Musealia
|
| 245 |
0 |
0 |
|a Opuscula musealia
|h [electronic resource].
|
| 260 |
|
|
|a [Kraków] :
|b Nakł. Uniwersytetu Jagiellońskiego,
|c ©1986-
|
| 310 |
|
|
|a Annual,
|b 2000-
|
| 321 |
|
|
|a Annual,
|b 1986-1992
|
| 321 |
|
|
|a Biennial,
|b 1994-
|
| 362 |
0 |
|
|a Zesz. 1 (1986)-
|
| 490 |
1 |
|
|a Zeszyty naukowe Uniwersytetu Jagiellońskiego
|
| 506 |
|
|
|a License restrictions may limit access.
|
| 546 |
|
|
|a Text in Polish; summaries in English or German.
|
| 588 |
1 |
|
|a Zesz. 23 (2015).
|
| 650 |
|
0 |
|a Museums
|z Poland
|z Kraków
|v Periodicals.
|
| 650 |
|
0 |
|a Museums
|v Periodicals.
|
| 650 |
|
0 |
|a Museum techniques
|v Periodicals.
|
| 650 |
|
0 |
|a Art
|v Periodicals.
|
| 650 |
|
7 |
|a Art.
|2 fast
|0 (OCoLC)fst00815177
|
| 650 |
|
7 |
|a Museum techniques.
|2 fast
|0 (OCoLC)fst01030114
|
| 650 |
|
7 |
|a Museums.
|2 fast
|0 (OCoLC)fst01030128
|
| 651 |
|
7 |
|a Poland
|z Kraków.
|2 fast
|0 (OCoLC)fst01206748
|
| 655 |
|
0 |
|a Electronic journals.
|
| 710 |
2 |
|
|a Uniwersytet Jagielloński.
|
| 830 |
|
0 |
|a Zeszyty naukowe Uniwersytetu Jagiellońskiego.
|
| 850 |
|
|
|a CSt
|a DLC
|a InU
|a MH-FA
|a NN
|a NNC
|a NRU NcD
|a PU
|a ViU
|a WaU
|
| 856 |
4 |
0 |
|z Full text available from Research Library: 01/01/2010 to 12/31/2016
|u https://search.proquest.com/publication/1336352
|
| 856 |
4 |
0 |
|z Full text available from Research Library: 01/01/2018 to present
|u https://search.proquest.com/publication/1336352
|